| 000 | 00411nam a2200145 a 4500 | ||
|---|---|---|---|
| 001 | 000041420 | ||
| 005 | 20240305135508.0 | ||
| 008 | 131003s1977 xxu 000 0 spa d | ||
| 040 |
_aDO-SdBNP _bspa _cBNPHU |
||
| 082 |
_axxxx _bxxxx |
||
| 100 | 1 |
_aFollett, Ken, _d1949- _913022 |
|
| 245 | 1 | 0 |
_aPaper money. / _cKen Follett. |
| 260 |
_aNew York, Estados Unidos : _bPenguin Group, _c1977. |
||
| 300 |
_a253 p. ; _c18 cm. |
||
| 999 |
_c40910 _d40910 |
||